000 00681nam a2200181Ia 4500
008 151018s9999 xx 000 0 und d
082 _bRBASDV15336
_a891.462
100 _aहिराकांत कलगुटकर
245 _aसंसार हा सुखाचा
250 _b1
260 _b"मॅजेस्टीक पब्लिशिंग हाऊस, ठाणे "
_c1978
300 _a97
600 _aहिराकांत कलगुटकर
630 _aसंसार हा सुखाचा
700 _aहिराकांत कलगुटकर
730 _aसंसार हा सुखाचा
942 _cBOOK
999 _c1016063
_d1016060